00325nam a2200145Ia 4500008004100000020002200041041000800063082001100071100001900082260002800101245001900129250000600148300000700154650001800161220805s9999 xx 000 0 und d a978-81-7120-027-3 aeng a371.82 aSwami Harshada aMadrasbSri Ramakrishna aStudents Power a1 a54 aStudent Power